| 000 | 00690nam a2200229 i 4500 | ||
|---|---|---|---|
| 001 | bg | ||
| 245 | 0 | 0 |
_aTurystyka polska w 2007 roku : _bukład regionalny / _c[aut. oprac. Maria Byszewska-Dawidek et al.] ; Instytut Turystyki, [Ministerstwo Sportu i Turystyki]. |
| 260 |
_aWarszawa : _bInstytut Turystyki, _c2008. |
||
| 300 |
_a150 s. : _bil. ; _c29 cm. |
||
| 650 | 9 |
_aTurystyka _zPolska _yod 2001 r. |
|
| 700 | 1 | _aByszewska-Dawidek, Maria. | |
| 020 | _a9788388376719 | ||
| 040 | _cBPK | ||
| 041 | 0 | _apol | |
| 044 | _aPOL | ||
| 080 | _a338.48 | ||
| 080 | _a(438) | ||
| 080 | _a(083.41) | ||
| 920 | _a978-83-88376-71-9 | ||
| 942 | _cKS | ||
| 008 | 130116s pl a f |000 0 pol | ||
| 999 |
_c53874 _d53874 |
||
| 856 |
_uhttp://koha.tu.koszalin.pl/cgi-bin/koha/opac-detail.pl?biblionumber=53874 _yKatalog online BPK |
||